00312nam a2200133 450000500170000002000180001708200170003508400250005210000190007724500120009625000120010826000480012030000100016820260121185602.0 a9789389802467 a332.1bSOM.B 2Colon Classification aSomashekar M T aBanking a2nd ed. a NewDelhi:b New Age International,c 2025. a376p.